Perfume - Lovejoy (All Lyrics) - Statistics

General Stats
  • This quiz has been taken 370 times
    364 since last reset
  • The average score is 216 of 263
Answer Stats
Perfume % Correct
I
100%
a
99%
A
99%
it
99%
Verse 2 It
99%
an
97%
And
97%
you
96%
you?
96%
Post-Chorus You
96%
Outro | Verse 1 It's
95%
it's
95%
he
94%
on
94%
to
93%
can
92%
perfume
91%
smell
91%
the
91%
three
91%
her
90%
me
90%
of
90%
still
90%
don't
89%
your
89%
Your
89%
five
88%
But
86%
like
86%
my
86%
Did
85%
hate
85%
just
85%
all
84%
be
84%
forty
84%
his
84%
life
84%
off
83%
rub
83%
AM
82%
haircut
82%
bite
81%
look
81%
They
81%
tongue
81%
eyes
80%
prick
80%
their
80%
name
79%
one
79%
really
79%
Update
79%
can't
78%
same
78%
Bet
77%
found
77%
is
76%
now
76%
when
76%
When
76%
By
74%
cry
74%
you've
74%
Left
73%
miss
73%
way
73%
Would
73%
would
73%
ex
72%
heart
72%
say
72%
sharp
72%
blame
71%
distrust
71%
holds
71%
policeman
71%
razor
71%
standby
71%
in
70%
love
70%
need
70%
boyfriend's
69%
mine
69%
better
68%
fell
68%
fight
68%
she
68%
She
68%
seems
67%
So
67%
so
67%
was
66%
friends
65%
daft
64%
for
64%
standards
64%
serenades
63%
dust
62%
Abruptly
60%
Why
58%
lie
57%
past
57%
streaming
57%
dick?
56%
how
56%
pretend
56%
think
56%
nice?
55%
not
55%
that
55%
hard
54%
must
54%
taxi's
53%
coming
52%
learnt
52%
arrived
51%
end
51%
Well
51%
Darling
50%
futile
50%
means
50%
drama
49%
move
47%
he's
45%
No matching quizzes found
Score Distribution
Percent of People with Each Score
Percentile by Number Answered
Your Score History
You have not taken this quiz since the last reset